00462nam a2200169Ia 450000500170000000800460001703700290006304000200009204100130011208400230012510000170014824500330016525000080019826000460020630000130025265000270026520250508150620.0008 250505s9999 xx 000 0 eng d aBooks to be hide in OPAC aFEDLbengcFEDL aeng2eng a370.9, BOY/OqFEDL aBoyd William 0aHistory of Western education a6th aLondon, UKbAdam and Charles Black c1954 axi,473p. aEducation - Philosophy